|
|
|
|
| LEADER |
01374nam a22002777a 4500 |
| 001 |
33710 |
| 003 |
BD-DhAAL |
| 005 |
20180913095255.0 |
| 008 |
180913t2018 bg a b f 0 eng d |
| 999 |
|
|
|c 39995
|d 39995
|
| 040 |
|
|
|a BD-DhAAL
|c BD-DhAAL
|
| 082 |
|
|
|a 330.9549205
|2 22
|
| 245 |
|
|
|a Medium term macroeconomic policy statement 2018-19 to 2020-21 /
|c edited by Abdur Rouf Talukdar, Azizul Alam, Abdul Gaffar Khan
|
| 260 |
|
|
|a Dhaka :
|b Finance Division, Ministry of Finance, Government of the People’s Republic of Bangladesh,
|c 2018
|
| 300 |
|
|
|a viii, 81 pages :
|b illustrations ;
|c 28 cm.
|
| 504 |
|
|
|a Includes bibliographical references (pages 80-81).
|
| 526 |
|
|
|a AAL
|
| 541 |
|
|
|a Development Book Agency
|e 33710
|
| 650 |
|
|
|a Bangladesh
|x Economic policy
|y 21st century.
|9 3806
|
| 700 |
|
|
|a Talukdar, Abdur Rouf
|9 28090
|
| 700 |
|
|
|a Alam, Azizul
|9 28091
|
| 700 |
|
|
|a Khan, Abdul Gaffar
|9 28092
|
| 710 |
|
|
|a Government of the People’s Republic of Bangladesh,
|b Ministry of Finance,
|b Finance Division
|9 3807
|
| 852 |
|
|
|a Ayesha Abed Library
|c General Stacks
|
| 942 |
|
|
|2 ddc
|c BK
|
| 952 |
|
|
|0 0
|1 0
|2 ddc
|4 0
|6 330_954920500000000_MED
|7 0
|9 64279
|a BRACUL
|b BRACUL
|c GEN
|d 2018-08-28
|e Development Book Agency
|g 100.00
|l 2
|m 1
|o 330.9549205 MED
|p 3010033710
|r 2021-01-10
|s 2020-02-20
|t 1
|v 200.00
|w 2018-08-28
|y BK
|x Koha Inventory 2020 ; Previously missing book recovered on 10 August 2025
|